Statistics for 100 största städer i Nya Zeeland med en karta

Click here to take the quiz!

General Stats

  • This quiz has been taken 17 times
  • The average score is 9 of 100

Answers on the Map

Answers color-coded by a green-red scale on the quiz's map according to % correct below.
 

Answer Stats

befolkninginkluderarstad% Correct
418 500Upper Hutt, Lower Hutt, PoriruaWellington
94%
1 638 800Hibiscus Coast, Waiheke Island,
Beachlands, Huapai
Auckland
88%
407 600Kaiapoi, Lyttelton, Prebbleton, WoodendChristchurch
63%
122 000MosgielDunedin
50%
19 540Lake HayesQueenstown
44%
67 500RichmondNelson
38%
63 900Napier
31%
59 500NgongotahaRotorua
31%
203 100Hamilton
25%
51 200Invercargill
25%
4350Picton
25%
8890Wanaka
25%
58 800Whangarei
25%
37 200Gisborne
19%
2150Kaikoura
19%
24 700Taupo
19%
141 600Papamoa, OmokoroaTauranga
19%
31 600RenwickBlenheim
13%
5360Dannevirke
13%
9700Greymouth
13%
13 950Oamaru
13%
89 500AshhurstPalmerston North
13%
16 850Feilding
6%
2500Geraldine
6%
9910Gore
6%
2380Greytown
6%
70 600Havelock NorthHastings
6%
12 150Hawera
6%
7080Kawerau
6%
7520Kerikeri
6%
22 200Masterton
6%
8450Motueka
6%
58 300New Plymouth
6%
4320Opotiki
6%
4410Paeroa
6%
4100Putaruru
6%
18 300Rangiora
6%
2140Te Anau
6%
4350Te Aroha
6%
17 500KihikihiTe Awamutu
6%
4640Te Kuiti
6%
4370Temuka
6%
7350Thames
6%
29 100Timaru
6%
5150Waihi
6%
2160Waipawa
6%
4290Wairoa
6%
7040Waitara
6%
3960Westport
6%
19 750Ohope BeachWhakatane
6%
40 900Whanganui
6%
5080Whitianga
6%
5510Alexandra
0%
2950Arrowtown
0%
20 200Ashburton
0%
3990Balclutha
0%
20 600Cambridge
0%
5320Carterton
0%
5160Cromwell
0%
2230Darfield
0%
5180Dargaville
0%
2480Featherston
0%
4720Foxton
0%
3150Helensville
0%
3590Hokitika
0%
8150Huntly
0%
3630Inglewood
0%
4560Kaikohe
0%
5860Kaitaia
0%
42 700Paraparaumu, WaikanaeKapiti Coast
0%
4710Katikati
0%
21 200Levin
0%
6100Lincoln
0%
2270Mapua
0%
4950Marton
0%
7920Matamata
0%
7870Morrinsville
0%
6580Ngaruawahia
0%
6410Otaki
0%
2750Otorohanga
0%
2170Oxford
0%
2570Pahiatua
0%
31 400Pukekohe
0%
3310Raglan
0%
16 250Rolleston
0%
5040Snells Beach
0%
5740Stratford
0%
4720Taumarunui
0%
8350Te Puke
0%
14 050Tokoroa
0%
3320Turangi
0%
2220Waihi Beach
0%
2890Waimate
0%
4220Waipukurau
0%
9780Waiuku
0%
2360Wakefield
0%
4890Warkworth
0%
2100Wellsford
0%
3960Whangamata
0%
2370Winton
0%

Score Distribution

Percentile by Number Answered

Percent of People with Each Score

Your Score History

You have not taken this quiz